NBA Current Players - Statistics

General Stats
  • This quiz has been taken 114 times
  • The average score is 23 of 24
Answer Stats
Picture Answer % Correct
LeBron James
100%
Stephen Curry
100%
Anthony Davis
99%
Jayson Tatum
99%
Joel Embiid
99%
Kevin Durant
99%
Kyrie Irving
99%
Luka Doncic
99%
Giannis Antetokounmpo
98%
Nikola Jokic
98%
Anthony Edwards
97%
Jimmy Butler
97%
Shai Gilgeous-Alexander
96%
Trae Young
96%
Victor Wembanyama
95%
Karl Anthony-Towns
94%
Bam Adebayo
93%
Jalen Brunson
93%
Paul George
93%
De'aaron Fox
90%
Domantas Sabonis
90%
Pascal Siakam
90%
Deandre Ayton
79%
Kelly Oubre Jr
78%
No matching quizzes found
Score Distribution
Percent of People with Each Score
Percentile by Number Answered
Your Score History
You have not taken this quiz